000 00531nam a2200181 a 4500
005 20150109144335.0
008 140217b2009 ck ||||| |||| 00| 0 spa d
040 _aCO-BoIAVH
_cCO-BoIAVH
041 _aspa
044 _ack
090 _aIAVH
_b01351
100 _aTorres Niño, Andrés
_96072
245 _aHuila corazón verde
_bestrategia de identidad regional para productos de la biodiversidad del departamento del Huila
260 _aNeiva
_bIAVH
_c2009
300 _a40 p.
662 _aColombia
_bHuila
942 _cINFORME
_2z
999 _c6963
_d6963